00752nam a22002417a 45000010005000000030006000050050017000110080041000280200018000690400029000870500008001161000018001242450043001422600048001853000049002334900024002825050008003065210029003145210020003439420015003639990015003789520117003938328FISKH20250909112115.0250909b cb ||||| |||| 00| 0 eng d a9781740898225 aFISKHbengcFISKHdFISKH aPZ7 aOdgers, Sally aOur amazing bodies /cBy Sally Odgers  aSydney : bWeldon Owen Publishing , c2008. a32 pages : bcolor illustrations ;c23 cm .  aTopReader vStage 2 aJ 8 a500 bLexile estimate 8 aJ bRaz-Plus  2ddccBKn0 c8328d8328 00102ddc4070a002b002cTTP Dark Blued2025-09-09l0oODG PZ7 pFIS01441r2025-09-09 11:21:12w2025-09-09yBK